The politics book : (Record no. 15664)

000 -LEADER
fixed length control field 01281nam a2200205 a 4500
001 - CONTROL NUMBER
control field ASIN1842751387
005 - DATE AND TIME OF LATEST TRANSACTION
control field 20170105102923.0
008 - FIXED-LENGTH DATA ELEMENTS--GENERAL INFORMATION
fixed length control field 131209s2006 xxu eng d
020 ## - INTERNATIONAL STANDARD BOOK NUMBER
International Standard Book Number 1842751387 (hardcover)
Terms of availability $39.95
020 ## - INTERNATIONAL STANDARD BOOK NUMBER
International Standard Book Number 9788173141362 (hardcover)
040 ## - CATALOGING SOURCE
Original cataloging agency 0
100 1# - MAIN ENTRY--PERSONAL NAME
Personal name Comfort, Nicholas.
245 14 - TITLE STATEMENT
Title The politics book :
Remainder of title a lexicon of political facts from abu ghraib to zippergate /
Statement of responsibility, etc. Nicholas Comfort.
250 ## - EDITION STATEMENT
Edition statement Revised.
260 ## - PUBLICATION, DISTRIBUTION, ETC.
Place of publication, distribution, etc. [S.l.] :
Name of publisher, distributor, etc. Methuen Publishing Ltd,
Date of publication, distribution, etc. 2006.
300 ## - PHYSICAL DESCRIPTION
Extent 400 p. ;
Dimensions 24 cm.
520 ## - SUMMARY, ETC.
Summary, etc. The Politics Book is a snapshot of how the language of politics has developed. It has always been the richest of languages, because of the vivid way in which many of our politicians express themselves, from the sound-bites with which they woo the voters to the devastating put-downs they use on each other. If a week in politics is a long time, twelve years is an eternity. It is that long since Brewer's Politics , the precursor of this volume, first appeared, and in that time the lexicon has grown exponentially. Nicholas Comfort is a government relations consultant and author of How to Handle the Media .
856 40 - ELECTRONIC LOCATION AND ACCESS
Materials specified Amazon.com
Uniform Resource Identifier <a href="http://www.amazon.com/exec/obidos/ASIN/1842751387/chopaconline-20">http://www.amazon.com/exec/obidos/ASIN/1842751387/chopaconline-20</a>
942 ## - ADDED ENTRY ELEMENTS (KOHA)
Source of classification or shelving scheme
Koha item type Book
Holdings
Withdrawn status Lost status Damaged status Not for loan Collection code Permanent Location Current Location Shelving location Date acquired Total Checkouts Full call number Barcode Date last seen Price effective from Koha item type
          Centre for International Peace & Stability (CIPS) Centre for International Peace & Stability (CIPS) General Stacks 09/27/2013   320.014 COM 2006 CIPS0001593 12/09/2013 12/09/2013 Book
© 2023 Central Library, National University of Sciences and Technology. All Rights Reserved.